| 000 | 00381 a2200145 4500 | ||
|---|---|---|---|
| 999 |
_c320948 _d320948 |
||
| 001 | 85875 | ||
| 003 | NUST | ||
| 005 | 20180121155818.0 | ||
| 008 | 180121b xxu||||| |||| 00| 0 eng d | ||
| 082 | _a330.973 POB | ||
| 100 |
_aRobert L. McCan _99358 |
||
| 245 |
_aAn Outline of the American Economy _hEnglish |
||
| 250 | _a1st | ||
| 260 |
_aUSA _bUnited States Information Agency _c1981 |
||
| 300 | _a211p. | ||
| 500 | _aGifted By AM Masood Akhtar | ||
| 942 |
_acaenust _cBK _k330.973 POB _2ddc |
||